Islami Talmat / (Record no. 188035)

000 -LEADER
fixed length control field 00414 a2200169 4500
003 - CONTROL NUMBER IDENTIFIER
control field Nust
005 - DATE AND TIME OF LATEST TRANSACTION
control field 20230215115229.0
040 ## - CATALOGING SOURCE
Transcribing agency Nust
082 ## - DEWEY DECIMAL CLASSIFICATION NUMBER
Classification number 297,TAG
100 ## - MAIN ENTRY--PERSONAL NAME
Personal name Taga, Abdul Hameed
9 (RLIN) 104807
245 ## - TITLE STATEMENT
Title Islami Talmat /
Statement of responsibility, etc. Abdul Hameed Taga
260 ## - PUBLICATION, DISTRIBUTION, ETC.
Place of publication, distribution, etc. Mulatan
Name of publisher, distributor, etc. Ismail Brothe
Linkage 1983
300 ## - PHYSICAL DESCRIPTION
Extent 379 p
538 ## - SYSTEM DETAILS NOTE
System details note Almirah No.66, Shelf No.1
650 ## - SUBJECT ADDED ENTRY--TOPICAL TERM
Topical term or geographic name entry element Islamic Studies
9 (RLIN) 60719
942 ## - ADDED ENTRY ELEMENTS (KOHA)
Source of classification or shelving scheme
Koha item type Book
Holdings
Withdrawn status Lost status Source of classification or shelving scheme Damaged status Not for loan Permanent Location Current Location Shelving location Date acquired Shelving control number Full call number Barcode Date last seen Price effective from Koha item type Public note
          Military College of Signals (MCS) Military College of Signals (MCS) General Stacks 12/12/2016 Islamic Books 297,TAG MCS20435 12/08/2016 12/12/2016 Book Almirah No.63, Shelf No.2
© 2023 Central Library, National University of Sciences and Technology. All Rights Reserved.